<?xml version="1.0" encoding="UTF-8"?>
<collection xmlns="http://www.loc.gov/MARC21/slim">
  <record>
    <leader>00000nam  2200000   4500</leader>
    <controlfield tag="001">INLIS000000000000181</controlfield>
    <controlfield tag="005">20190422030647</controlfield>
    <datafield tag="035" ind1="#" ind2="#">
      <subfield code="a">0010-0718000181</subfield>
    </datafield>
    <controlfield tag="008">190422################g##########0#ind##</controlfield>
    <datafield tag="020" ind1="#" ind2="#">
      <subfield code="a">9789790762152</subfield>
    </datafield>
    <datafield tag="041" ind1=" " ind2=" ">
      <subfield code="a">id</subfield>
    </datafield>
    <datafield tag="082" ind1="#" ind2="#">
      <subfield code="a">650</subfield>
    </datafield>
    <datafield tag="090" ind1=" " ind2=" ">
      <subfield code="a">658 Uma m</subfield>
    </datafield>
    <datafield tag="100" ind1=" " ind2="#">
      <subfield code="a">Umam Khaerul</subfield>
    </datafield>
    <datafield tag="245" ind1="1" ind2="#">
      <subfield code="a">Manajemen organisasi /</subfield>
      <subfield code="c">Khaerul Umam</subfield>
    </datafield>
    <datafield tag="250" ind1="#" ind2="#">
      <subfield code="a">Cet.1</subfield>
    </datafield>
    <datafield tag="260" ind1="#" ind2="#">
      <subfield code="a">Bandung :</subfield>
      <subfield code="b">Pustaka Setia,</subfield>
      <subfield code="c">2012</subfield>
    </datafield>
    <datafield tag="300" ind1="#" ind2="#">
      <subfield code="a">420 hlm.: ilus. ; 23 cm. :</subfield>
      <subfield code="b">ilus ;</subfield>
      <subfield code="c">23 cm</subfield>
    </datafield>
    <datafield tag="650" ind1=" " ind2="#">
      <subfield code="a">Manajemen</subfield>
    </datafield>
    <datafield tag="084" ind1="#" ind2="#">
      <subfield code="a">650 Uma m</subfield>
    </datafield>
    <datafield tag="520" ind1="#" ind2="#">
      <subfield code="a">Manajemen adalah kegiatan untuk mencapai tujuan atau sasaran yang telah ditentukan terlebih dahulu dengan menggunakan orang-orang lain (getting things done through the effort of other people). Dari pengertian tersebut tersirat adanya empat unsur manajemen, yaitu pimpinan, orang-orang (pelaksana) yang dipimpin, tujuan yang akan dicapai, dan adanya kerjasama dalam mencapai tujuan tersebut. Faktor manusia, baik pimpinan maupun orang-orang yang dipimpin, memegang peran penting dalam manajemen. Kajian dalam buku ini mengolaborasikan antara manajemen organisasi mazhab para ekonom dan manajemen organisasi dari mazhab para birokrat, khususnya di Indonesia. Hal ini untuk menghilangkan dikotomi antara keberadaan manajemen organisasi dala konteks ilmu ekonomi dan ilmu politik. Perpaduan kedua ilmu tersebut ada dalam ilmu manajemen organisasi ini. Buku ini juga membahas teori ataupun implementasi dari kajian bisnis (organisasi profit) dan organisasi pemerintahan di Indonesia. Itulah sebabnya, buku ini layak untuk dijadikan literatur bagi para mahasiswa, baik dari jurusan ekonomi, manajeme, politik, sosiologi, maupun ilmu administrasi negara.</subfield>
    </datafield>
    <datafield tag="856" ind1="#" ind2="#">
      <subfield code="a">Perpustakaan Lembaga Administrasi Negara</subfield>
    </datafield>
    <datafield tag="990" ind1="#" ind2="#">
      <subfield code="a">141217194</subfield>
    </datafield>
    <datafield tag="990" ind1="#" ind2="#">
      <subfield code="a">141217193</subfield>
    </datafield>
    <datafield tag="990" ind1="#" ind2="#">
      <subfield code="a">141217194</subfield>
    </datafield>
    <datafield tag="990" ind1="#" ind2="#">
      <subfield code="a">141217193</subfield>
    </datafield>
    <datafield tag="990" ind1="#" ind2="#">
      <subfield code="a">141217193</subfield>
    </datafield>
    <datafield tag="990" ind1="#" ind2="#">
      <subfield code="a">141217194</subfield>
    </datafield>
    <datafield tag="990" ind1="#" ind2="#">
      <subfield code="a">141217193</subfield>
    </datafield>
    <datafield tag="990" ind1="#" ind2="#">
      <subfield code="a">141217194</subfield>
    </datafield>
  </record>
</collection>
